Zoom /

Guardado en:
Autor Principal: Banyai, Istvan
Formato: Libro
Publicado: México : Fondo de Cultura Econ¢mica, 1996
Materias:
Etiquetas: Agregar Etiqueta
Sin Etiquetas, Sea el primero en etiquetar este registro!
LEADER 00416nam a22001575a 4500
001 CEM.cems010518
005 20060214000000.0
008 130507s1996##################000#0#####d
003 CEMS
100 1 |a Banyai, Istvan 
245 1 0 |a Zoom / 
260 |a México :  |b Fondo de Cultura Econ¢mica,  |c 1996 
300 |a 25 p. 
653 |a Nivel inicial-biblioteca 
859 |a CEMS  |b BIB. CEMS - 11 de abril  |h JARDIN  |p 21055.00  |t Ej.1